[Event "Bundesliga 0405"]
[Site "Germany"]
[Date "2005.02.13"]
[Round "11.7"]
[White "Lau, Ralf"]
[Black "Zude, Erik"]
[Result "1-0"]
[WhiteElo "2481"]
[BlackElo "2385"]
[Annotator "Finkel,A"]
[PlyCount "99"]
[EventDate "2004.11.12"]
[EventType "team-tourn"]
[EventRounds "15"]
[EventCountry "GER"]
[SourceTitle "CBM 106"]
[Source "ChessBase"]
[SourceDate "2005.06.06"]
[SourceVersion "1"]
[SourceVersionDate "2005.06.06"]
[SourceQuality "1"]
[WhiteTeam "Kreuzberg"]
[BlackTeam "Hofheim"]
[WhiteTeamCountry "GER"]
[BlackTeamCountry "GER"]

1. d4 Nf6 2. Nf3 g6 3. Bg5 Bg7 4. Nbd2 d5 5. e3 O-O 6. Be2 c5 7. c3 Qb6 8. Qb3
Qxb3 $6 {In my opinion this move is inaccuracy since white may put up some
pressure over an a-file.} (8... Nc6) 9. axb3 {[%cal Ga1a6]} Nbd7 (9... cxd4 10.
exd4 h6 (10... Nc6 11. b4 b6 12. b5 Nd8 13. O-O Ne6 14. Ra3 Ne4 $13 {Norman,
D-Hegarty,S/Birmingham 2001}) 11. Bf4 Nc6 12. Ne5 Nd8 13. O-O g5 14. Bg3 Ne4
15. Nxe4 dxe4 16. f3 exf3 17. Bxf3 f5 18. Rfe1 $14 {Rozic,V-Czarnota,D/Urgup
2004}) (9... b6 10. Ne5 Bb7 11. Bf3 Re8 12. O-O Nfd7 $11 {Dittmann,R-Kraus,J/
Bayern 1998}) 10. O-O a6 11. Ra3 e6 12. Rfa1 h6 13. Bf4 Re8 14. Bd6 Ne4 $2 {
After this mistake black's position is deteriorating from move to move.} (14...
cxd4) 15. Nxe4 dxe4 16. Nd2 cxd4 17. exd4 $1 $16 (17. cxd4 $6 e5 18. d5 Nf6 19.
Bc4 Bf5 $13) 17... e5 (17... f5 18. b4 e5 19. d5 Nf6 20. c4 Bd7 21. b5 $16) 18.
d5 {[%csl Gd5]} Nf6 19. c4 Bf5 20. h3 h5 21. Nf1 h4 (21... Bf8 22. Bxf8 Kxf8
23. Ne3 Red8 24. Rd1 $16 {[%cal Gc4c5,Gb3b4]}) 22. Ne3 Bd7 23. b4 Rac8 24. c5
Nh5 25. c6 ({May be more accurate was} 25. Bxh5 gxh5 26. Nc4 Bb5 27. Nb6 Rcd8
28. Bc7 $18 {winning an exchange.}) 25... bxc6 26. Bxa6 Ra8 27. dxc6 (27. Bb7
$5 Rxa3 28. bxa3 cxd5 29. Nxd5 {[%cal Ga3a8]} Nf4 30. a4 $18) 27... Bxc6 28. b5
Bd7 29. b6 Bf8 30. Bxf8 Kxf8 31. b7 Rab8 32. Rc3 $1 {[%cal Ga1c1,Gc3c8]} Nf6 (
32... Nf4) 33. Rac1 Be6 34. Rc8 $18 Nd7 35. R1c6 Rd8 36. Nc4 {[%cal Gc4a5,
Gc6c7,Ga5c6]} Bxc4 (36... Ke7 37. Na5 $18) 37. Rxc4 (37. Rxd8+ Rxd8 38. Rc8 Ke7
39. Bxc4 $18 {[%cal Gg1e1,Ge1a5]}) 37... f5 38. R4c7 $1 Ke7 (38... Nb6 39.
Rxd8+ Rxd8 40. Rc8 $18) 39. Rxd8 $2 (39. Rxb8 Rxb8 40. Bb5 $18) 39... Kxd8 40.
Rc8+ Ke7 41. Kf1 Kd6 42. Ke2 f4 (42... g5) 43. b4 g5 44. b5 Kd5 45. Kf1 Kd6 46.
b6 Kd5 $2 {[%csl Rd7]} (46... Ke7 47. Rc7 Kd8 48. Ke1 Nxb6 49. Rg7 Nd7 50. Ke2
Ke8 51. Kd2 Kd8 $14) 47. Bb5 $18 Kd6 (47... Rxb7 48. Bc6+ $18) 48. Bxd7 Rxb7
49. Bc6 Rxb6 50. Bxe4 1-0

[Event "POL-ch"]
[Site "Warsaw"]
[Date "2004.05.07"]
[Round "13"]
[White "Macieja, Bartlomiej"]
[Black "Socko, Bartosz"]
[Result "1/2-1/2"]
[WhiteElo "2633"]
[BlackElo "2579"]
[Annotator "Finkel,A"]
[PlyCount "112"]
[EventDate "2004.04.24"]
[EventType "tourn"]
[EventRounds "13"]
[EventCountry "POL"]
[EventCategory "12"]
[SourceTitle "CBM 101"]
[Source "ChessBase"]
[SourceDate "2004.07.27"]
[SourceVersion "1"]
[SourceVersionDate "2004.07.27"]
[SourceQuality "1"]

1. Nf3 Nf6 2. d4 g6 3. Bg5 Bg7 4. Nbd2 d5 5. c3 O-O 6. e3 b6 7. Be2 c5 8. O-O
Nc6 9. Rc1 (9. a4 Bb7 10. Qb1 a5 11. Rd1 h6 12. Bh4 cxd4 13. exd4 Nh5 14. Re1
Qd6 $13 {Orso,M-Vajda,A/Miercurea Ciuc 2001}) (9. Qa4 Bd7 10. Qa3 Ne4 (10... c4
11. b3 cxb3 12. axb3 Re8 13. Ba6 Ne4 14. Nxe4 dxe4 15. Nd2 $14 {Krivko,
Y-Zaitsev,V/Novosibirsk 2001}) 11. Nxe4 dxe4 12. Nd2 h6 13. Bh4 g5 14. Bg3 f5
15. dxc5 $16 {Hansen,C-Polgar,S/Aabenraa 1989}) (9. Nb3 c4 10. Nbd2 b5 11. b4
a5 12. a3 Bf5 13. h3 Ra7 14. Bf4 Qb6 15. Qc1 Rfa8 $11 {Unkelbach,R-Schwab,T/
Polch 1990}) (9. h3 Bb7 10. Rb1 Rc8 11. Qa4 Ne4 12. Nxe4 dxe4 13. Nd2 Qd5 14.
Bh4 cxd4 15. cxd4 e5 $11 {Mencinger,V-Beliavsky,A/Grize 1996}) 9... Bb7 10. h3
(10. Qa4 a6 11. dxc5 bxc5 12. Rfd1 Qb6 13. c4 d4 14. exd4 cxd4 15. c5 Qc7 16.
Bh4 Rad8 $132 {Kozomara,V-Pietzsch,W/Sarajevo 1968}) 10... Re8 11. Qa4 (11. Bf4
) 11... a6 12. Rfd1 c4 $5 {Usually black prefers to keep a pressure in the
center, but sinc white queen is on a4 this move makes a lot of sense.} 13. b3 (
13. Qc2 b5 14. Bxf6 Bxf6 15. e4 Bg7 16. e5 (16. exd5 Qxd5 17. Nf1 e6 18. Ne3
Qd6 $15) 16... f6 17. exf6 exf6 18. Re1 Qd6 $13) 13... b5 14. Qa3 Qa5 15. Qxa5
Nxa5 16. Ne5 Rad8 17. Bf4 Nd7 18. Nxd7 Rxd7 19. Rb1 ({Nothing promised} 19.
bxc4 dxc4 (19... Nxc4 20. Nb3 Bc6 21. Bxc4 dxc4 22. Nc5 Ra7 23. d5 Bd7 24. e4
$14) 20. a4 e5 21. dxe5 Bxe5 22. Bxe5 Rxe5 23. axb5 axb5 24. Nf3 Bxf3 25. Bxf3
Rxd1+ 26. Rxd1 Nb3 $11 {with equal position.}) 19... f6 20. Bg3 e5 21. dxe5
fxe5 22. Ne4 Bc6 23. Nc5 Ra7 24. bxc4 ({Pushing} 24. e4 $6 {would be playing
with the fire.} d4 25. bxc4 Nxc4 26. Bxc4+ bxc4 27. Rb6 Rc8 $15) 24... dxc4 25.
Bg4 e4 26. Rbc1 (26. Be6+ Kh8 27. Rbc1 h6 $13) 26... Kf7 27. h4 Be5 28. Kh2
Bxg3+ 29. Kxg3 Re5 30. Nd7 Bxd7 31. Rxd7+ Rxd7 32. Bxd7 Nb7 33. Bc6 Nc5 34. Rd1
Ke7 (34... Nd3 35. Bb7 a5 36. Ba6 Ke7 $15) 35. f3 Na4 (35... exf3 36. Kxf3 Re6
37. Bd5 Rf6+ 38. Ke2 Nd3 39. Bf3 Kd6) 36. Rc1 exf3 37. Kxf3 Kd6 38. Ba8 Re8 39.
Be4 Kc5 $6 (39... Ke5 40. Bb1 Rd8 41. Ke2 Nc5 42. Rf1 Rd6 43. Bc2 $15) 40. a3
Kb6 41. g4 $1 Ka5 42. g5 Nc5 43. Bc2 Na4 44. h5 $1 (44. Be4) 44... Nxc3 45.
hxg6 hxg6 46. Bxg6 Rf8+ 47. Kg4 Nd5 48. e4 Ne3+ 49. Kh4 Ng2+ 50. Kg4 (50. Kg3
$4 Nf4 $19 {[%csl Rc1,Rg6]}) 50... Ne3+ 51. Kh4 Ka4 $5 (51... Ng2+ $11) 52. Bh7
Ng2+ $2 (52... Re8 $1 $13) 53. Kg4 $18 Kxa3 54. g6 Kb2 55. g7 Ne3+ 56. Kg5 Rc8
(56... Rc8 57. Re1 $1 Nc2 58. Re2 Kc3 (58... b4 59. e5 b3 60. e6 $18) 59. Rf2
Nd4 60. Kh6 Ne6 61. Bf5 $18) 1/2-1/2

[Event "Ubeda op 5th"]
[Site "Ubeda"]
[Date "2000.01.23"]
[Round "5"]
[White "Piankov, Evgenij"]
[Black "Yandemirov, Valeri"]
[Result "0-1"]
[WhiteElo "2375"]
[BlackElo "2472"]
[Annotator "Finkel,A"]
[PlyCount "86"]
[EventDate "2000.01.19"]
[EventType "swiss"]
[EventRounds "10"]
[EventCountry "ESP"]
[SourceTitle "CBM 075"]
[Source "ChessBase"]
[SourceDate "2000.04.05"]
[SourceVersion "1"]
[SourceVersionDate "2000.04.05"]
[SourceQuality "1"]

1. d4 Nf6 2. Nf3 g6 3. Bg5 Bg7 4. e3 d5 5. Nbd2 O-O 6. Be2 Nbd7 7. O-O c6 8. c4
(8. b4 Re8 9. c3 e5 10. Nb3 h6 11. Bxf6 Bxf6 12. a4 Qe7 $132 {Danielian,
E-Skripchenko,A/Kishinev izt-W 1995}) 8... dxc4 (8... c5 9. cxd5 cxd4 10. Nxd4
Nxd5 11. Nc4 $14 {Nikolic,B-Solomunovic,I/JUG-ch 1991}) (8... Qb6 9. Qc2 Re8
10. cxd5 Nxd5 11. Nc4 Qc7 12. Bh4 $1 $14 {[%cal Gh4g3] Soppe,G-Ricardi,P/
Buenos Aires Naj pr 1992}) (8... Re8 9. Rc1 e5 10. cxd5 cxd5 11. Qb3 (11. dxe5
$5 Nxe5 12. Nxe5 Rxe5 13. Nf3 Re8 14. Qb3 $14) 11... e4 12. Ne1 h6 13. Bf4 Nf8
14. Bc7 Qe7 15. Be5 $14 {Cifuentes Parada,R-Morris,P/Copenhagen op 1992}) (8...
b6 $6 9. Qa4 Bb7 10. Rfd1 a5 11. Qc2 Re8 12. cxd5 cxd5 13. Bb5 Ba6 14. Bxa6
Rxa6 15. Rac1 $16 {De Guzman,R-Ginting,N/Dubai Asian Cities 1992}) (8... h6 $5
9. Bh4 g5 10. Bg3 Ne4 11. Nxe4 dxe4 12. Nd2 f5 13. f4 $2 (13. f3 $1 f4 14. Bf2)
13... c5 $1 $17 {Kroff-Tibensky/32nd Chess Olympiad, Yerevan 1996}) 9. Nxc4 {
More logical looks} (9. Bxc4 $5 Nb6 $146 (9... Qe8 10. Qb3 e5 11. Bxf6 Bxf6 12.
Ne4 exd4 13. Nxf6+ Nxf6 14. Nxd4 (14. exd4 $5 {[%csl Ge5,Rf7] <->e}) 14... Qe7
15. Rad1 $14 {Ning Chunhong-Liu Xin/WchW stud Antwerpen 1992}) 10. Bb3 Bf5 11.
Qe2 {[%cal Ge3e4]} Ne4 12. Nxe4 Bxe4 13. Rfd1 Bd5 14. Nd2 $14 {Ibragimov,
I-Yandemirov,V/Russian Cup f 1997}) 9... Nb6 10. Nce5 Bf5 11. a4 a5 12. Bd3 {
Accepting the fact that he din't manage to get anything out of the opening.} (
12. Rc1 Re8 13. Nd2 Nbd7 14. Nxd7 Qxd7 15. Bf4 Be6 $11) 12... Bxd3 13. Qxd3 Qd5
$1 $132 14. Rfd1 (14. Rfc1 Rfe8 15. Rc5 Qe6 16. Bxf6 Bxf6 (16... exf6 $5) 17.
Qd2 Bxe5 18. Nxe5 Qb3 19. Ra3 Qb4 $11) 14... Rfe8 {Preparing Nd7.} 15. b3 Nbd7
(15... Nfd7 $5 16. e4 Nxe5 17. Nxe5 Qe6 18. Bf4 Nd7 $11) 16. Nxd7 Qxd7 17. Ne5
({More ambitious is} 17. e4 $5 Qg4 18. Re1 Nh5 19. Qe3 (19. h3 Nf4 20. hxg4
Nxd3 21. Red1 Nb4 22. Rac1 $11) 19... c5 20. Rad1 cxd4 21. Nxd4 Rad8 22. h3 Qd7
23. e5 $14 {and white is better}) 17... Qe6 18. Rac1 Nd5 19. Nf3 (19. e4 $6 Nb4
20. Qc4 Bxe5 21. Qxe6 Bxh2+ 22. Kxh2 fxe6 $15) 19... Nb4 20. Qc4 Qf5 21. Bf4
Na2 22. Rc2 Nb4 23. Re2 {The position is equal in any case,but the rook is
misplaced on e2,so I would prefer} (23. Rcc1 $11) 23... Red8 {[%cal Ge7e5]} 24.
Bc7 (24. h3 $5) 24... b5 25. Qc1 (25. Qc3 $2 Nd5 26. Qxc6 Qd7 $1 27. Qxd7 (27.
Rc1 $2 Nxc7 28. Qxc7 Rac8 $1 $19 {[%csl Rc1]}) (27. Rc2 Rac8 $19) 27... Rxd7
28. Bf4 Nc3 $17) 25... Rdc8 26. Bb6 (26. Bg3 $5) 26... Qe6 27. Bc5 $2 {I don't
see any idea behind this move,which makes it even more difficult to understand
the reason why white played it!} (27. Rb2 $11) 27... Qxb3 28. Bxe7 Nd5 $17 {
Now blacl is just a pawn up and with some help from white he manages to win
the game quiet quickly.} 29. Rb2 Qxa4 30. Bc5 b4 31. Re1 Nc3 32. e4 Qb5 33. e5
(33. Bd6) 33... Na4 34. Rbe2 (34. Rc2 b3 35. Rc4 Nb2 $1 $19 {[%cal Gb2d3]})
34... Nxc5 35. dxc5 b3 36. Qe3 Re8 $5 (36... a4 $5 37. e6 Qc4 38. Ng5 fxe6 (
38... f6 $2 39. Nf7 $132 {[%cal Gf7d6,Ge6e7]}) 39. Qh3 h6 40. Nxe6 Re8 $19) 37.
Nd4 Qxc5 38. Nxb3 Qxe3 39. Rxe3 a4 40. Nd4 a3 41. Nxc6 (41. Ra1 Bxe5 $19) 41...
a2 42. Ra1 Re6 $1 43. Nb4 (43. Rc3 Rxc6 44. Rxc6 Bxe5 45. Rcc1 Bxa1 46. Rxa1
Rb8 $19) 43... Rb6 {[%csl Rg1]} 0-1

[Event "Petrov Memorial op"]
[Site "St Petersburg"]
[Date "2000.02.12"]
[Round "5"]
[White "Riazantsev, Alexander"]
[Black "Fominyh, Alexander"]
[Result "0-1"]
[WhiteElo "2442"]
[BlackElo "2551"]
[Annotator "Finkel,A"]
[PlyCount "100"]
[EventDate "2000.02.05"]
[EventType "swiss"]
[EventRounds "9"]
[EventCountry "RUS"]
[SourceTitle "CBM 076"]
[Source "ChessBase"]
[SourceDate "2000.05.31"]
[SourceVersion "1"]
[SourceVersionDate "2000.05.31"]
[SourceQuality "1"]

1. d4 d5 2. Nf3 Nf6 3. Bg5 Ne4 4. Bf4 c5 5. e3 Qb6 6. Qc1 Nc6 7. c3 h6 (7...
cxd4 8. exd4 Bf5 (8... Bg4 9. Nbd2 Rc8 10. Be2 g6 11. O-O Bg7 12. Qc2 O-O 13.
Qb3 $14 {Schirbel,A-Von Gleich,A/BL2-W 1994}) 9. Be2 Rc8 10. O-O e6 11. Nbd2
Be7 12. Be3 O-O 13. Nxe4 Bxe4 $11 {Cepon,D-Palac,M/Nova Gorica 1996}) (7... Bf5
8. Be2 (8. Nbd2 Rc8 9. Be2 g6 10. O-O Bg7 11. Rd1 O-O 12. Nf1 Rfe8 {Slavina,
I-Gagloshvili,R/Warsaw op-W 1996}) 8... h6 9. h4 e6 10. Nbd2 Be7 11. Nxe4 Bxe4
12. Bg3 Rc8 13. Qd2 cxd4 14. exd4 Na5 {Pizarro Segura,E-Ferguson,M/Benasque op
1997}) 8. h3 Bf5 9. Nbd2 e6 $11 {It's clear that black has successfully solved
opening problems and he may look in the future with healthy optimism.} (9...
Rc8 10. Be2 e6 11. O-O Be7 12. Nxe4 Bxe4 13. Qd2 O-O 14. Ne5 $11 {Isonzo,
D-Bellini,F/ITA-ch 1996}) 10. Be2 Be7 11. O-O O-O 12. Nxe4 Bxe4 13. Ne5 Nxe5
14. Bxe5 cxd4 15. Bxd4 $2 {After this move white suddenly finds himself in
troubles,because the bishop is restricted by his own pawns and is trapped in
the center of the board.} (15. exd4 Qc6 16. Qe3 b5 17. Bd3 Bxd3 18. Qxd3 a5 19.
Rae1 $11) 15... Qc7 $17 {[%csl Rd4][%cal Ge6e5]} 16. f3 Bh7 17. c4 $8 {Sad
necessaty.} (17. f4 f6 $17 {[%csl Rd4][%cal Ge6e5]}) 17... e5 18. Bc3 dxc4 19.
e4 b5 20. a3 f5 $1 {Bringing the bishop back to play.} 21. exf5 Bxf5 22. Kh1
Bc5 23. Qe1 Rae8 24. a4 a6 25. axb5 axb5 26. Ra5 (26. Bb4 $5 Ra8 27. Rd1 Rfd8
28. Bxc5 Qxc5 29. Qc3 $17) 26... Bd7 27. Ra1 Kh8 28. Ra6 Qb7 29. Ra1 Qb6 30.
Qg3 Bd4 31. Rad1 Bf5 32. Qe1 Qe6 {[%csl Rh3]} 33. Qg3 {Defending the pawn on
h3.} Rb8 {[%cal Gb5b4]} 34. Rfe1 Qb6 35. Bf1 Rbe8 (35... Bf2 $2 36. Qxe5 {
[%csl Rg7]}) 36. Bxd4 $6 {White doesn't stand a pressure and enters the
variation which loses by force.} (36. Rd2 $5) 36... exd4 37. Rxe8 Rxe8 38. Qf4
Bc2 $1 39. Rxd4 (39. Qxd4 Qxd4 40. Rxd4 Re1 41. Kg1 Bd3 $19) 39... Re1 {
[%cal Ge1h1]} 40. Qf8+ Kh7 41. Rd7 Rxf1+ 42. Kh2 Qg6 $19 43. Rd8 Qe6 44. f4 Rd1
45. Re8 Qd5 46. Rc8 Re1 47. Rd8 Qe6 48. Rb8 Qf6 49. Qh8+ Kg6 50. Rf8 Qd4 0-1

[Event "St Petersburg-Moscow"]
[Site "St Petersburg"]
[Date "2003.05.05"]
[Round "2"]
[White "Martynov, Pavel"]
[Black "Grachev, Boris V"]
[Result "1/2-1/2"]
[WhiteElo "2438"]
[BlackElo "2483"]
[Annotator "Finkel,A"]
[PlyCount "96"]
[EventDate "2003.05.03"]
[EventType "team"]
[EventRounds "2"]
[EventCountry "RUS"]
[SourceTitle "CBM 095"]
[Source "ChessBase"]
[SourceDate "2003.07.25"]
[SourceVersion "1"]
[SourceVersionDate "2003.07.25"]
[SourceQuality "1"]

1. d4 d5 2. Nf3 e6 3. c3 Nf6 4. Bg5 {Harmless variation leading to calm
positional struggle.} c5 5. e3 Nc6 6. Bd3 Be7 (6... h6 $5 7. Bf4 Bd6) 7. Nbd2
h6 8. Bf4 Bd6 9. Bg3 Bxg3 10. hxg3 Qd6 11. Qe2 {White is looking for
complications.} O-O {Accepting the challenge. There was nothing wrong with} (
11... Bd7 $5 12. dxc5 Qxc5 13. e4 dxe4 14. Nxe4 Nxe4 15. Qxe4 O-O-O $11 {
with blanced position.}) 12. O-O-O e5 13. dxe5 Nxe5 14. Nxe5 Qxe5 15. Rh4 (15.
Nf3 $5 Qe7 16. Bc2 Be6 17. Ne5 Qc7 18. f4 $36 {[%cal Gg3g5]}) 15... Re8 16.
Rdh1 (16. Qf3 Qg5 17. Rdh1 Bg4 18. Qf4 Qxf4 19. gxf4 Bd7 $13) 16... Bf5 17.
Bxf5 Qxf5 18. Rf4 Qe6 19. Kb1 Rad8 20. Qd3 Ne4 21. g4 $2 {[%csl Rg4] Creating
to himself a serious weakness.} Rd6 22. Rd1 Nf6 $1 $15 {Deviating from
exchange at the right moment.} (22... Red8 23. Qc2 b5 24. Nxe4 dxe4 25. Rxd6
Qxd6 26. Rxe4 Qh2 27. a4 a6 $44) 23. Qf5 g5 $1 {Another strong move
demonstrating the drawbacks of 21.g4?} 24. Ra4 (24. Qxe6 Rexe6 25. Ra4 a6 26.
Nb3 b5 27. Ra5 Nxg4 28. Nxc5 Nxf2 29. Rf1 Ne4 $1 $17) 24... a6 25. Nb3 Rc6 $5 (
{Not bad looked} 25... b5 26. Ra5 Nxg4 27. Qc2 c4 28. Nd4 Qe4 $17 {and black
is just a pawn up with no compensation.}) 26. Qxe6 Rexe6 (26... fxe6 27. f3 e5
$15 {[%csl Ra4,Re3][%cal Ge5e4]}) 27. Ra5 b6 28. Rxa6 Nxg4 29. Rxd5 Nxf2 30. a4
{[%cal Ga4a5]} Ng4 31. e4 Ne3 32. a5 bxa5 (32... Nxg2 $5 33. Ra8+ (33. axb6 $6
Rxb6 34. Ra8+ Kg7 35. Nxc5 Red6 $15 {[%cal Gh6h1]}) 33... Kg7 34. a6 Rxe4 35.
a7 Ra4 36. Rd7 b5 37. Rb8 Rca6 38. Rbb7 $132) 33. Rxc6 Rxc6 34. Nxa5 Nxd5 $2 (
34... Re6 $1 35. Rxc5 Nxg2 36. b4 g4 $19) 35. Nxc6 $13 Ne3 (35... Nc7 36. g4 h5
$140 $2 37. gxh5 g4 38. Ne7+ Kg7 39. Nf5+ Kf6 40. Kc2 $16) 36. b4 cxb4 37. cxb4
Kf8 38. b5 Nc4 39. Ka2 Ke8 40. Kb3 Nd6 $11 41. Kb4 Nxe4 42. b6 Nd6 43. Kc5 Nb7+
44. Kd5 h5 45. Ke5 h4 46. Kf5 f6 47. Kxf6 g4 48. Ne5 h3 1/2-1/2

[Event "Biel GM"]
[Site "Biel"]
[Date "2004.07.22"]
[Round "4"]
[White "Sasikiran, Krishnan"]
[Black "McShane, Luke J"]
[Result "1-0"]
[WhiteElo "2666"]
[BlackElo "2643"]
[Annotator "Finkel,A"]
[PlyCount "159"]
[EventDate "2004.07.19"]
[EventType "tourn"]
[EventRounds "10"]
[EventCountry "SUI"]
[EventCategory "18"]
[SourceTitle "CBM 102"]
[Source "ChessBase"]
[SourceDate "2004.09.23"]
[SourceVersion "1"]
[SourceVersionDate "2004.09.23"]
[SourceQuality "1"]

1. d4 Nf6 2. Nf3 g6 3. Bg5 Bg7 4. Nbd2 O-O 5. c3 d5 6. e3 Nbd7 7. Be2 b6 8. Bh4
(8. O-O Bb7 9. a4 c5 10. a5 c4 11. Qa4 Qc7 12. Bf4 Qc6 13. Qb4 Rfe8 14. Ne5 $14
{Yegiazarian,A-Jobava,B/Tbilisi 2001}) 8... Bb7 9. O-O c5 10. a4 a6 11. b4 c4
12. b5 $5 {A multiple purposes move: first of all this move aimed against Ne4,
since the pawn on c will become a target for the white pieces, and secondly,
white queen may "join the party" via a3 later on.} (12. Qc2 Bc6 13. h3 b5 14.
a5 Qc8 15. Ne5 Nxe5 16. dxe5 Nd7 17. f4 e6 18. Nf3 $14 {Tibensky,R-Gauglitz,G/
Zinnowitz 1981}) (12. h3 Re8 13. Bg3 Ne4 14. Nxe4 dxe4 15. Nd2 b5 16. Qc2 e5
$15 {Hassan,A-Ghaem Maghami,E/Teheran 2001}) 12... Ne8 13. Bg3 e6 $6 {
Unnecessarily weakening a complex of dark squares on the kingside and in the
center.} (13... Nd6 14. Qc2 axb5 15. Bxd6 exd6 16. axb5 Qe7 $11) 14. Qc2 {
[%cal Ge3e4]} f5 $6 {[%csl Re5] Black is continueing to carry out his dubious
plan.} 15. Qb2 a5 (15... g5) 16. Ne5 Bxe5 17. Bxe5 Nxe5 18. dxe5 $14 Qc7 19. f4
g5 $6 {It was more accurate to play Qc5 first in order to prevent white knight
from coming to d4 so easily.} (19... Qc5 20. Kf2 g5 21. g3 (21. Qa3 Qxa3 22.
Rxa3 g4 23. Raa1 $14 {[%cal Gd2b1,Gb1a3,Ga3c2,Gc2d4]}) 21... g4 22. Rh1 $14)
20. Nf3 g4 21. Nd4 Ng7 22. h3 h5 23. Kf2 Kf7 24. Rh1 Rh8 25. Rh2 Rag8 26. hxg4
hxg4 (26... fxg4 27. Rah1 Qd8 28. Rh4 $16) 27. Rah1 Qd8 28. Rh6 $1 {
Penitrating to f6.} Rxh6 29. Rxh6 Rh8 30. Rf6+ Kg8 31. Qa3 $1 $16 Rh1 32. g3
Qe8 33. Bf1 Bc8 34. Bg2 Rd1 35. Qd6 Bd7 36. Rh6 $5 {[%csl Gh5] Sasikaran
doesn't want to give his opponent any counterplay, so he takes square h5 under
control.} (36. Qxb6 $5 Qh5 $140 37. Qd8+ Kh7 38. Nxe6 $1 (38. Qxd7 $2 Qh2 39.
Ne2 Rd2 $11) 38... Nxe6 39. Qxd7+ Ng7 40. Rf7 Qh6 41. Qxf5+ $18) 36... Qf7 37.
Bf1 (37. Qxb6 $5 Qe7 38. Qxa5 Qa3 39. Qd8+ Be8 40. Rxe6 Nxe6 41. Qxe8+ Nf8 42.
Bxd5+ $18) 37... Ra1 38. Qxb6 Qe7 39. Qxa5 Be8 40. Be2 Qa3 41. Nc2 {Forcing an
exchange of queens.} Qxa4 42. Qxa4 Rxa4 43. Nd4 Ra2 44. b6 Bd7 (44... Rb2 45.
Nxe6 Rxb6 46. Nxg7 Rxh6 47. Nxe8 $18) 45. e4 $1 $18 {[%csl Rc4,Rg4] The rest
is an easy technical job.} dxe4 (45... fxe4 46. Ke3 Rb2 47. Bxg4 Rxb6 48. f5
$18) 46. Ke3 Rb2 47. Bxc4 Rxb6 48. Rf6 Rb2 49. Nxf5 Nxf5+ 50. Rxf5 Rc2 51. Rg5+
Kf7 52. Rxg4 Rxc3+ 53. Kd4 Ra3 54. Kxe4 Ba4 55. Kd4 Bc2 56. Rg5 Rf3 57. Be2 $1
Ra3 58. Bh5+ Kf8 59. Bg6 Bd1 60. Bd3 Ra4+ 61. Ke3 Ra3 62. Kd2 Bf3 63. Bc4 Ke7
64. Rg7+ Kf8 65. Rg6 Bh5 66. Rg5 Bf7 67. g4 Ra5 68. Kc3 Ra3+ 69. Kd4 Ra4 70.
Kc5 Ra5+ 71. Kb4 Ra1 72. f5 Rb1+ 73. Kc5 Rc1 74. f6 Re1 75. Kd4 Rd1+ 76. Bd3
Ra1 77. Rg7 Ra4+ 78. Bc4 Ra1 79. g5 Rd1+ 80. Bd3 1-0